Les 20 villes les plus peuplées du Canada - Statistiques

Statistiques générales
  • Ce quiz a été pris 107 fois
  • Le résultat moyen est 9 sur 20
Statistiques - réponses
Population Villes % Correct
2 794 356 Toronto
99%
1 762 949 Montréal
98%
1 017 449 Ottawa
95%
662 248 Vancouver
95%
549 459 Québec
90%
1 306 784 Calgary
81%
1 010 899 Edmonton
77%
749 607 Winnipeg
65%
438 366 Laval
47%
439 819 Halifax
37%
291 041 Gatineau
29%
569 353 Hamilton
27%
422 324 London
27%
266 141 Saskatoon
27%
717 961 Mississauga
17%
656 480 Brampton
10%
568 322 Surrey
10%
256 885 Kitchener
7%
338 503 Markham
5%
323 103 Vaugham
1%
Aucun quiz correspondant
Distribution des résultats
% des personnes avec chaque résultat
Percentile par nombre de réponses
Votre historique - résultats
Vous n’avez pas pris ce quiz